| 000 | 00749nam a2200205Ia 4500 | ||
|---|---|---|---|
| 999 |
_c7916 _d7916 |
||
| 020 | _a8185835586 | ||
| 082 | _aRR 016.3046 KRI-P | ||
| 100 | _aGopal Krishan | ||
| 245 | 0 | _aPopulation research centres in India: an annotated bibliography and abstract of research: 2001-2007 | |
| 260 |
_aChandigarh _bCentre for Research in Rural and Industr _c2010 |
||
| 300 | _axxvi, 654 | ||
| 504 | _aincludes index | ||
| 650 |
_aPopulation research _vIndia _vBibliography _z2001-2007 |
||
| 650 |
_aIndia _vresearch _vBibliography _z2001-2007 |
||
| 650 |
_aResearch institutes _vIndia _vBibliography _z2001-2007 |
||
| 650 |
_aPopulation research centres _vIndia _vBibliography _z2001-2007 |
||
| 700 | _aBhatia, Manisha | ||
| 700 | _aSharma, Pawan Kumar | ||
| 942 | _cBK | ||